00445nam a2200181Ia 4500003000400000005001700004008004100021020001900062040000700081041000800088082001800096100002400114245002200138260004800160300000900208650002200217700002400239OSt20250806125429.0250729s2005 xx 000 0 und d a978-8171418466 cAL aeng a371.9104 KUMS aRaja Kumari Alice M aSpecial education aNew DelhibDiscovery Publishing Housec2005 a379p aSpecial Education aSundari Suguna Rita